載入...

Brock biology of microorganisms /

書目詳細資料
主要作者: Madigan, Michael T.
其他作者: Martinko, John. M.
格式: Printed Book
語言:English
出版: New Jersey : Prentice Hall, 2000.
版:9th ed.
主題:
LEADER 00585nam a2200157Ia 4500
008 160121b xxu||||| |||| 00| 0 eng d
082 |a 570  |2 23 
100 |a Madigan, Michael T. 
245 |a Brock biology of microorganisms /  |c  Michael T. Madigan and John. M. Martinko 
250 |a 9th ed. 
260 |a New Jersey :  |b Prentice Hall,  |c 2000. 
653 |a Biology 
700 |a Martinko, John. M. 
942 |c BK 
999 |c 124343  |d 124343 
952 |0 0  |1 0  |2 ddc  |4 0  |6 570_000000000000000_MAD_B  |7 0  |9 137624  |a LIF  |b LIF  |c ST1  |d 2009-08-02  |i 2237  |l 6  |m 4  |o 570 MAD/B  |p LIF2237  |r 2021-11-05  |s 2021-11-05  |w 2018-08-15  |y TXT